[Event "DEM U10w 2024"]
[Site "Willingen GER"]
[Date "2024.05.19"]
[Round "1"]
[White "Hleizer, Ahata"]
[Black "Pygoch, Lene"]
[Result "1-0"]
[Termination "normal"]
[Board "16"]
[WhiteElo "1610"]
[BlackElo "917"]
[WhiteClock "01:10:39"]
[BlackClock "01:21:33"]
[PlyCount "87"]
[WhiteFideId "34643370"]
[BlackFideId "533016496"]
[EventCountry "GER"]
[EventRounds "11"]
[EventType "swiss"]
[EventDate "2024.05.18"]

1. e4 {[%clk 01:15:57]} {[%emt 00:00:02]} e5 {[%clk 01:15:58]} {[%emt
00:00:03]} 2. Nf3 {[%clk 01:16:15]} {[%emt 00:00:11]} Nc6 {[%clk 01:16:20]}
{[%emt 00:00:08]} 3. Nc3 {[%clk 01:16:33]} {[%emt 00:00:12]} Nf6 {[%clk
01:16:42]} {[%emt 00:00:08]} 4. d4 {[%clk 01:16:45]} {[%emt 00:00:19]} exd4
{[%clk 01:16:57]} {[%emt 00:00:15]} 5. Nxd4 {[%clk 01:17:01]} {[%emt 00:00:12]}
Bc5 {[%clk 01:15:50]} {[%emt 00:01:38]} 6. Nxc6 {[%clk 01:16:36]} {[%emt
00:00:54]} bxc6 {[%clk 01:16:08]} {[%emt 00:00:14]} 7. Bg5 {[%clk 01:15:42]}
{[%emt 00:01:23]} O-O {[%clk 01:16:25]} {[%emt 00:00:13]} 8. Bd3 {[%clk
01:14:38]} {[%emt 00:01:34]} d6 {[%clk 01:16:19]} {[%emt 00:00:36]} 9. O-O
{[%clk 01:14:09]} {[%emt 00:00:59]} Bg4 {[%clk 01:16:30]} {[%emt 00:00:20]} 10.
Be2 {[%clk 01:12:20]} {[%emt 00:02:18]} Bxe2 {[%clk 01:16:36]} {[%emt
00:00:25]} 11. Qxe2 {[%clk 01:12:27]} {[%emt 00:00:23]} Bd4 {[%clk 01:15:12]}
{[%emt 00:01:54]} 12. Rad1 {[%clk 01:12:21]} {[%emt 00:00:35]} c5 {[%clk
01:15:03]} {[%emt 00:00:39]} 13. Nb5 {[%clk 01:08:23]} {[%emt 00:04:29]} Bxb2
{[%clk 01:14:59]} {[%emt 00:00:34]} 14. c3 {[%clk 01:08:19]} {[%emt 00:00:35]}
a6 {[%clk 01:15:04]} {[%emt 00:00:25]} 15. Qxb2 {[%clk 01:07:38]} {[%emt
00:01:09]} axb5 {[%clk 01:15:19]} {[%emt 00:00:16]} 16. e5 {[%clk 01:07:38]}
{[%emt 00:00:30]} dxe5 {[%clk 01:15:40]} {[%emt 00:00:09]} 17. Rxd8 {[%clk
01:07:48]} {[%emt 00:00:20]} Rfxd8 {[%emt 00:00:13]} 18. Qxb5 {[%emt 00:01:11]}
Rab8 {[%clk 01:16:17]} {[%emt 00:00:09]} 19. Qxc5 {[%clk 01:07:10]} {[%emt
00:00:27]} Rd7 {[%clk 01:16:31]} {[%emt 00:00:16]} 20. Bxf6 {[%clk 01:06:47]}
{[%emt 00:00:53]} gxf6 {[%clk 01:16:48]} {[%emt 00:00:13]} 21. Qe3 {[%clk
01:06:36]} {[%emt 00:00:42]} Rbd8 {[%clk 01:17:04]} {[%emt 00:00:13]} 22. Qg3+
{[%clk 01:06:07]} {[%emt 00:00:58]} Kf8 {[%clk 01:17:24]} {[%emt 00:00:11]} 23.
h3 {[%clk 01:06:14]} {[%emt 00:00:24]} Rd3 {[%clk 01:17:10]} {[%emt 00:00:43]}
24. Qh4 {[%clk 01:06:04]} {[%emt 00:00:39]} f5 {[%clk 01:17:26]} {[%emt
00:00:15]} 25. Qxh7 {[%clk 01:05:52]} {[%emt 00:00:42]} Rxc3 {[%clk 01:17:43]}
{[%emt 00:00:12]} 26. Qh8+ {[%clk 01:06:14]} {[%emt 00:00:09]} Ke7 {[%clk
01:17:58]} {[%emt 00:00:14]} 27. Qxe5+ {[%clk 01:06:34]} {[%emt 00:00:11]} Kd7
{[%clk 01:18:08]} {[%emt 00:00:21]} 28. Rd1+ {[%clk 01:06:41]} {[%emt
00:00:23]} Kc8 {[%clk 01:18:15]} {[%emt 00:00:23]} 29. Rxd8+ {[%clk 01:07:01]}
{[%emt 00:00:09]} Kxd8 {[%clk 01:18:38]} {[%emt 00:00:08]} 30. Qxc3 {[%clk
01:07:20]} {[%emt 00:00:11]} f4 {[%clk 01:18:03]} {[%emt 00:01:04]} 31. h4
{[%clk 01:07:31]} {[%emt 00:00:19]} f5 {[%clk 01:18:01]} {[%emt 00:00:33]} 32.
Qf6+ {[%clk 01:07:41]} {[%emt 00:00:20]} Kd7 {[%clk 01:18:17]} {[%emt
00:00:13]} 33. Qxf5+ {[%clk 01:08:01]} {[%emt 00:00:11]} Kd6 {[%clk 01:18:29]}
{[%emt 00:00:17]} 34. h5 {[%clk 01:08:17]} {[%emt 00:00:14]} c6 {[%clk
01:18:47]} {[%emt 00:00:12]} 35. h6 {[%clk 01:08:33]} {[%emt 00:00:15]} c5
{[%clk 01:19:09]} {[%emt 00:00:09]} 36. Qd3+ {[%clk 01:08:44]} {[%emt
00:00:18]} Ke5 {[%clk 01:19:25]} {[%emt 00:00:14]} 37. h7 {[%clk 01:09:01]}
{[%emt 00:00:12]} c4 {[%clk 01:19:41]} {[%emt 00:00:15]} 38. h8=Q+ {[%clk
01:09:14]} {[%emt 00:00:18]} Ke6 {[%clk 01:19:53]} {[%emt 00:00:16]} 39. Qxc4+
{[%clk 01:09:27]} {[%emt 00:00:18]} Ke7 {[%clk 01:20:27]} {[%emt 00:00:29]} 40.
Qe5+ {[%clk 01:09:48]} {[%emt 00:00:34]} Kd7 {[%clk 01:20:43]} {[%emt
00:00:15]} 41. Qcd4+ {[%clk 01:10:01]} {[%emt 00:00:18]} Kc6 {[%clk 01:21:00]}
{[%emt 00:00:13]} 42. Qec5+ {[%clk 01:10:18]} {[%emt 00:00:12]} Kb7 {[%clk
01:21:16]} {[%emt 00:00:16]} 43. Qdb4+ {[%clk 01:10:22]} {[%emt 00:00:25]} Ka6
{[%clk 01:21:33]} {[%emt 00:00:13]} 44. Qca5# {[%clk 01:10:39]} {[%emt
00:00:13]} 1-0

[Event "DEM U10w 2024"]
[Site "Willingen GER"]
[Date "2024.05.19"]
[Round "1"]
[White "He, Siqi"]
[Black "Vignesh, Sara"]
[Result "0-1"]
[Termination "normal"]
[Board "17"]
[WhiteElo "907"]
[BlackElo "1136"]
[WhiteClock "01:02:29"]
[BlackClock "01:10:46"]
[PlyCount "100"]
[WhiteFideId "34682708"]
[BlackFideId "34674756"]
[EventCountry "GER"]
[EventRounds "11"]
[EventType "swiss"]
[EventDate "2024.05.18"]

1. e4 {[%clk 01:15:59]} {[%emt 00:31:56]} c6 {[%clk 01:15:58]} {[%emt
00:00:03]} 2. c3 {[%clk 01:16:18]} {[%emt 00:00:11]} d5 {[%clk 01:16:17]}
{[%emt 00:00:11]} 3. exd5 {[%clk 01:16:05]} {[%emt 00:00:18]} cxd5 {[%clk
01:16:34]} {[%emt 00:00:38]} 4. Nf3 {[%clk 01:15:44]} {[%emt 00:00:18]} Bg4
{[%clk 01:16:52]} {[%emt 00:00:44]} 5. Be2 {[%clk 01:15:54]} {[%emt 00:00:21]}
Nc6 {[%clk 01:16:19]} {[%emt 00:01:03]} 6. d4 {[%clk 01:15:10]} {[%emt
00:00:15]} Nf6 {[%clk 01:16:44]} {[%emt 00:01:04]} 7. h3 {[%clk 01:15:05]}
{[%emt 00:00:20]} Bxf3 {[%clk 01:17:06]} {[%emt 00:00:23]} 8. Bxf3 {[%clk
01:14:44]} {[%emt 00:00:07]} e6 {[%clk 01:17:34]} {[%emt 00:00:45]} 9. Nd2
{[%clk 01:14:12]} {[%emt 00:01:00]} Bd6 {[%clk 01:17:22]} {[%emt 00:00:44]} 10.
c4 {[%clk 01:13:55]} {[%emt 00:00:20]} Nxd4 {[%clk 01:16:41]} {[%emt 00:01:39]}
11. cxd5 {[%clk 01:12:15]} {[%emt 00:01:00]} Nxf3+ {[%clk 01:16:13]} {[%emt
00:02:07]} 12. Qxf3 {[%clk 01:12:18]} {[%emt 00:00:15]} Nxd5 {[%clk 01:15:10]}
{[%emt 00:01:45]} 13. Ne4 {[%emt 00:03:11]} Bb4+ {[%clk 01:13:57]} 14. Bd2
{[%clk 01:11:05]} {[%emt 00:00:23]} Bxd2+ {[%clk 01:13:21]} {[%emt 00:01:28]}
15. Nxd2 {[%clk 01:10:34]} {[%emt 00:00:13]} Nb4 {[%clk 01:12:47]} {[%emt
00:01:45]} 16. Qc3 {[%clk 01:10:17]} {[%emt 00:00:52]} Nd3+ {[%clk 01:12:17]}
{[%emt 00:01:02]} 17. Kf1 {[%clk 01:09:28]} {[%emt 00:00:37]} O-O {[%clk
01:11:34]} {[%emt 00:01:56]} 18. Ne4 {[%clk 01:09:06]} {[%emt 00:00:46]} Rc8
{[%clk 01:10:36]} {[%emt 00:01:30]} 19. Qd2 {[%clk 01:07:49]} {[%emt 00:00:36]}
Ne5 {[%clk 01:09:28]} {[%emt 00:02:51]} 20. Qe3 {[%emt 00:00:42]} Qd3+ {[%emt
00:00:45]} 21. Qxd3 {[%clk 01:06:16]} {[%emt 00:00:37]} Nxd3 {[%clk 01:09:43]}
{[%emt 00:00:14]} 22. Rd1 {[%clk 01:04:37]} {[%emt 00:02:06]} Nxb2 {[%clk
01:07:39]} {[%emt 00:02:37]} 23. Rb1 {[%clk 01:04:56]} {[%emt 00:00:10]} Rc2
{[%clk 01:06:45]} {[%emt 00:01:22]} 24. h4 {[%clk 01:05:10]} {[%emt 00:00:18]}
Rfc8 {[%clk 01:06:54]} {[%emt 00:00:19]} 25. Kg1 {[%emt 00:00:50]} Rc1+ {[%emt
00:00:41]} 26. Rxc1 {[%clk 01:03:53]} {[%emt 00:00:19]} Rxc1+ {[%clk 01:07:09]}
{[%emt 00:00:15]} 27. Kh2 {[%clk 01:04:13]} {[%emt 00:00:07]} Rxh1+ {[%clk
01:07:34]} {[%emt 00:00:09]} 28. Kxh1 {[%clk 01:04:32]} {[%emt 00:00:10]} Kf8
{[%clk 01:07:45]} {[%emt 00:00:20]} 29. Nd6 {[%clk 01:04:20]} {[%emt 00:00:18]}
b6 {[%clk 01:07:46]} {[%emt 00:00:48]} 30. g4 {[%emt 00:00:34]} a5 {[%emt
00:00:32]} 31. a3 {[%clk 01:03:11]} {[%emt 00:00:33]} Ke7 {[%clk 01:07:06]}
{[%emt 00:01:01]} 32. Nc8+ {[%emt 00:00:31]} Kd7 {[%emt 00:00:35]} 33. Nxb6+
{[%clk 01:02:35]} {[%emt 00:00:14]} Kc7 {[%clk 01:06:47]} {[%emt 00:00:47]} 34.
Na8+ {[%clk 01:01:45]} {[%emt 00:01:18]} Kb7 {[%clk 01:07:12]} {[%emt
00:00:09]} 35. f4 {[%emt 00:00:21]} Kxa8 {[%emt 00:00:12]} 36. f5 {[%emt
00:00:23]} exf5 {[%emt 00:00:16]} 37. gxf5 {[%emt 00:00:10]} Kb7 {[%emt
00:00:20]} 38. Kg2 {[%clk 01:00:32]} Kc6 {[%clk 01:07:36]} {[%emt 00:00:06]}
39. Kg3 {[%emt 00:00:08]} Kd5 {[%clk 01:07:47]} {[%emt 00:00:13]} 40. Kg4
{[%clk 01:01:24]} {[%emt 00:00:05]} Ke5 {[%clk 01:07:42]} {[%emt 00:00:35]} 41.
h5 {[%clk 01:01:15]} {[%emt 00:00:37]} h6 {[%clk 01:07:54]} {[%emt 00:00:51]}
42. a4 {[%clk 01:01:24]} {[%emt 00:00:21]} Nxa4 {[%clk 01:08:19]} {[%emt
00:00:05]} 43. Kh4 {[%clk 01:01:45]} {[%emt 00:00:08]} Nb2 {[%clk 01:08:47]}
{[%emt 00:00:04]} 44. Kg4 {[%clk 01:01:48]} {[%emt 00:00:26]} a4 {[%clk
01:09:12]} {[%emt 00:00:06]} 45. Kh4 {[%clk 01:02:09]} {[%emt 00:00:08]} a3
{[%clk 01:09:36]} {[%emt 00:00:07]} 46. Kg4 {[%clk 01:02:56]} {[%emt 00:00:17]}
a2 {[%clk 01:10:26]} {[%emt 00:00:05]} 47. Kh4 {[%emt 00:00:10]} a1=Q {[%emt
00:00:09]} 48. Kg4 {[%emt 00:00:14]} Qg1+ {[%emt 00:00:11]} 49. Kh4 {[%clk
01:02:17]} {[%emt 00:00:24]} Kf4 {[%clk 01:10:50]} {[%emt 00:00:08]} 50. Kh3
{[%clk 01:02:29]} {[%emt 00:00:14]} Qg3+ {[%clk 01:10:46]} {[%emt 00:00:08]}
0-1

[Event "DEM U10w 2024"]
[Site "Willingen GER"]
[Date "2024.05.19"]
[Round "1"]
[White "Hendler, Felicitas"]
[Black "Wittmann, Finja-Marie"]
[Result "1-0"]
[Termination "normal"]
[Board "18"]
[WhiteElo "1645"]
[BlackElo "763"]
[WhiteClock "00:46:31"]
[BlackClock "01:16:15"]
[PlyCount "69"]
[WhiteFideId "34616519"]
[BlackFideId "34673903"]
[EventCountry "GER"]
[EventRounds "11"]
[EventType "swiss"]
[EventDate "2024.05.18"]

1. e4 {[%clk 01:15:55]} {[%emt 00:00:04]} e5 {[%clk 01:15:55]} {[%emt
00:00:05]} 2. f4 {[%clk 01:16:13]} {[%emt 00:00:12]} d5 {[%clk 01:16:18]}
{[%emt 00:00:08]} 3. exd5 {[%clk 01:16:02]} {[%emt 00:00:40]} exf4 {[%clk
01:16:34]} {[%emt 00:00:14]} 4. Nf3 {[%clk 01:15:34]} {[%emt 00:00:57]} Nf6
{[%clk 01:16:09]} {[%emt 00:00:56]} 5. Nc3 {[%clk 01:14:46]} {[%emt 00:01:18]}
Bb4 {[%clk 01:15:56]} {[%emt 00:00:44]} 6. Bc4 {[%clk 01:10:36]} {[%emt
00:04:39]} Qe7+ {[%clk 01:16:06]} {[%emt 00:00:20]} 7. Kf2 {[%clk 00:56:45]}
{[%emt 00:14:21]} Bc5+ {[%clk 01:16:11]} {[%emt 00:00:25]} 8. d4 {[%clk
00:55:33]} {[%emt 00:01:42]} Bd6 {[%clk 01:16:08]} {[%emt 00:00:33]} 9. Re1
{[%clk 00:54:29]} {[%emt 00:01:33]} Be6 {[%clk 01:16:07]} {[%emt 00:00:33]} 10.
dxe6 {[%clk 00:53:32]} {[%emt 00:01:26]} fxe6 {[%clk 01:16:24]} {[%emt
00:00:13]} 11. Rxe6 {[%clk 00:52:53]} {[%emt 00:01:09]} Qxe6 {[%clk 01:12:37]}
{[%emt 00:04:17]} 12. Bxe6 {[%clk 00:53:09]} {[%emt 00:00:15]} Nc6 {[%clk
01:12:56]} {[%emt 00:00:11]} 13. Qe2 {[%clk 00:52:43]} {[%emt 00:00:55]} Ne7
{[%clk 01:13:17]} {[%emt 00:00:09]} 14. Bh3 {[%clk 00:51:51]} {[%emt 00:01:22]}
O-O {[%clk 01:13:30]} {[%emt 00:00:17]} 15. Be6+ {[%clk 00:51:27]} {[%emt
00:00:53]} Kh8 {[%clk 01:13:52]} {[%emt 00:00:09]} 16. d5 {[%clk 00:50:53]}
{[%emt 00:01:04]} Bc5+ {[%clk 01:14:14]} {[%emt 00:00:09]} 17. Kf1 {[%clk
00:50:56]} {[%emt 00:00:25]} Rad8 {[%clk 01:14:05]} {[%emt 00:00:37]} 18. Bxf4
{[%clk 00:46:24]} {[%emt 00:05:05]} Bd6 {[%clk 01:14:10]} {[%emt 00:00:26]} 19.
Bxd6 {[%clk 00:45:44]} {[%emt 00:01:10]} Rxd6 {[%clk 01:14:33]} {[%emt
00:00:07]} 20. Ne4 {[%clk 00:44:55]} {[%emt 00:01:18]} Rxe6 {[%clk 01:14:45]}
{[%emt 00:00:18]} 21. dxe6 {[%clk 00:45:10]} {[%emt 00:00:16]} Re8 {[%clk
01:15:10]} {[%emt 00:00:05]} 22. Nxf6 {[%clk 00:45:05]} {[%emt 00:00:34]} Rf8
{[%clk 01:15:10]} {[%emt 00:00:30]} 23. Nd7 {[%clk 00:44:52]} {[%emt 00:00:42]}
Rd8 {[%clk 01:15:30]} {[%emt 00:00:11]} 24. Rd1 {[%clk 00:45:08]} {[%emt
00:00:14]} Re8 {[%clk 01:15:29]} {[%emt 00:00:32]} 25. Qb5 {[%clk 00:44:44]}
{[%emt 00:00:52]} a6 {[%clk 01:15:45]} {[%emt 00:00:16]} 26. Qxb7 {[%clk
00:45:01]} {[%emt 00:00:13]} c6 {[%clk 01:14:55]} {[%emt 00:01:19]} 27. Nfe5
{[%clk 00:45:02]} {[%emt 00:00:29]} Rd8 {[%clk 01:14:45]} {[%emt 00:00:40]} 28.
Nf7+ {[%clk 00:45:18]} {[%emt 00:00:14]} Kg8 {[%clk 01:15:06]} {[%emt
00:00:09]} 29. Nxd8 {[%clk 00:45:36]} {[%emt 00:00:12]} c5 {[%emt 00:00:41]}
30. Nxc5 {[%clk 00:45:52]} {[%emt 00:00:11]} h6 {[%clk 01:15:13]} {[%emt
00:00:15]} 31. Qxe7 {[%clk 00:46:09]} {[%emt 00:00:13]} Kh7 {[%clk 01:15:34]}
{[%emt 00:00:10]} 32. Rd7 {[%clk 00:45:38]} {[%emt 00:01:00]} Kg6 {[%clk
01:15:50]} {[%emt 00:00:13]} 33. Qxg7+ {[%clk 00:46:00]} {[%emt 00:00:08]} Kh5
{[%clk 01:16:03]} {[%emt 00:00:17]} 34. h3 {[%clk 00:46:06]} {[%emt 00:00:25]}
Kh4 {[%clk 01:16:15]} {[%emt 00:00:19]} 35. Qg4# {[%clk 00:46:31]} {[%emt
00:00:04]} 1-0

[Event "DEM U10w 2024"]
[Site "Willingen GER"]
[Date "2024.05.19"]
[Round "1"]
[White "Fahim, Lina"]
[Black "Rhein, Linnea"]
[Result "0-1"]
[Termination "normal"]
[Board "19"]
[WhiteElo "744"]
[BlackElo "1133"]
[WhiteClock "01:04:50"]
[BlackClock "01:05:14"]
[PlyCount "38"]
[WhiteFideId "533004820"]
[BlackFideId "34649018"]
[EventCountry "GER"]
[EventRounds "11"]
[EventType "swiss"]
[EventDate "2024.05.18"]

1. e4 {[%clk 01:15:58]} {[%emt 00:00:01]} e5 {[%clk 01:15:50]} {[%emt
00:00:10]} 2. Nf3 {[%clk 01:16:23]} {[%emt 00:00:05]} Nc6 {[%clk 01:15:59]}
{[%emt 00:00:21]} 3. Bc4 {[%clk 01:16:42]} {[%emt 00:00:11]} Nf6 {[%clk
01:15:42]} {[%emt 00:00:47]} 4. Nc3 {[%clk 01:17:02]} {[%emt 00:00:11]} Bc5
{[%clk 01:13:43]} {[%emt 00:02:28]} 5. O-O {[%clk 01:17:18]} {[%emt 00:00:13]}
d6 {[%clk 01:13:37]} {[%emt 00:00:36]} 6. d3 {[%clk 01:17:36]} {[%emt
00:00:13]} Bg4 {[%clk 01:13:31]} {[%emt 00:00:36]} 7. Bg5 {[%clk 01:17:15]}
{[%emt 00:00:51]} h6 {[%clk 01:09:50]} {[%emt 00:04:11]} 8. Be3 {[%clk
01:16:29]} {[%emt 00:01:16]} Nd4 {[%clk 01:08:03]} {[%emt 00:02:17]} 9. h3
{[%clk 01:14:37]} {[%emt 00:02:22]} Bxf3 {[%clk 01:07:51]} {[%emt 00:00:42]}
10. gxf3 {[%clk 01:13:33]} {[%emt 00:01:33]} Qd7 {[%clk 01:07:12]} {[%emt
00:01:10]} 11. Re1 {[%clk 01:10:27]} {[%emt 00:03:36]} Qxh3 {[%clk 01:06:38]}
{[%emt 00:01:03]} 12. f4 {[%clk 01:07:49]} {[%emt 00:03:08]} Nf3+ {[%clk
01:06:31]} {[%emt 00:00:38]} 13. Qxf3 {[%clk 01:07:06]} {[%emt 00:01:12]} Qxf3
{[%clk 01:06:37]} {[%emt 00:00:25]} 14. fxe5 {[%clk 01:05:44]} {[%emt
00:01:51]} Bxe3 {[%clk 01:05:33]} {[%emt 00:01:33]} 15. fxe3 {[%clk 01:05:33]}
{[%emt 00:00:42]} dxe5 {[%clk 01:04:59]} {[%emt 00:01:05]} 16. Bb5+ {[%clk
01:05:44]} {[%emt 00:00:19]} c6 {[%clk 01:05:05]} {[%emt 00:00:24]} 17. Bc4
{[%clk 01:05:27]} {[%emt 00:00:47]} Ng4 {[%clk 01:04:51]} {[%emt 00:00:43]} 18.
Ne2 {[%clk 01:04:56]} {[%emt 00:01:02]} Qf2+ {[%clk 01:04:53]} {[%emt
00:00:28]} 19. Kh1 {[%clk 01:04:50]} {[%emt 00:00:35]} Qh2# {[%clk 01:05:14]}
{[%emt 00:00:10]} 0-1

[Event "DEM U10w 2024"]
[Site "Willingen GER"]
[Date "2024.05.19"]
[Round "1"]
[White "Mudriievskaya, Esther"]
[Black "Malan, Benita Helena"]
[Result "1-0"]
[Termination "normal"]
[Board "20"]
[WhiteElo "1495"]
[BlackElo "738"]
[WhiteClock "01:06:10"]
[BlackClock "01:03:34"]
[PlyCount "87"]
[WhiteFideId "34676465"]
[EventCountry "GER"]
[EventRounds "11"]
[EventType "swiss"]
[EventDate "2024.05.18"]

1. e4 {[%clk 01:15:56]} {[%emt 00:00:04]} e5 {[%clk 01:15:42]} {[%emt
00:00:19]} 2. Nf3 {[%clk 01:16:13]} {[%emt 00:00:13]} Nc6 {[%clk 01:15:54]}
{[%emt 00:00:18]} 3. Bc4 {[%clk 01:16:06]} {[%emt 00:00:37]} Bc5 {[%clk
01:16:16]} {[%emt 00:00:07]} 4. Nxe5 {[%clk 01:16:06]} {[%emt 00:00:30]} Nxe5
{[%clk 01:16:07]} {[%emt 00:00:40]} 5. d4 {[%clk 01:16:15]} {[%emt 00:00:21]}
Nxc4 {[%clk 01:15:43]} {[%emt 00:00:53]} 6. dxc5 {[%clk 01:16:10]} {[%emt
00:00:35]} Nf6 {[%clk 01:15:50]} {[%emt 00:00:22]} 7. Bg5 {[%clk 01:14:56]}
{[%emt 00:01:47]} d6 {[%emt 00:00:04]} 8. Qd4 {[%emt 00:01:25]} Qd7 {[%emt
00:00:33]} 9. Qxc4 {[%emt 00:00:26]} d5 {[%clk 01:12:50]} {[%emt 00:00:34]} 10.
Qd4 {[%clk 01:13:23]} {[%emt 00:02:30]} Nxe4 {[%clk 01:12:56]} {[%emt
00:00:24]} 11. Qxg7 {[%clk 01:13:00]} {[%emt 00:00:52]} Qf5 {[%clk 01:12:36]}
{[%emt 00:00:48]} 12. Qxh8+ {[%clk 01:12:47]} {[%emt 00:00:45]} Kd7 {[%emt
00:00:15]} 13. Qd8+ {[%emt 00:00:52]} Kc6 {[%clk 01:11:29]} {[%emt 00:00:30]}
14. O-O {[%clk 01:11:37]} {[%emt 00:01:41]} Nxg5 {[%clk 01:11:41]} {[%emt
00:00:16]} 15. Qe8+ {[%clk 01:11:26]} {[%emt 00:00:40]} Kxc5 {[%clk 01:11:51]}
{[%emt 00:00:20]} 16. Qe3+ {[%clk 01:11:01]} {[%emt 00:00:57]} Kd6 {[%clk
01:10:51]} {[%emt 00:00:20]} 17. Na3 {[%clk 01:09:35]} {[%emt 00:03:07]} Qg4
{[%clk 01:10:45]} {[%emt 00:00:34]} 18. Qg3+ {[%clk 01:09:26]} {[%emt
00:00:37]} Kc6 {[%emt 00:00:43]} 19. Qxg4 {[%emt 00:00:12]} Bxg4 {[%clk
01:10:09]} {[%emt 00:00:14]} 20. Rae1 {[%clk 01:08:36]} {[%emt 00:01:02]} Rg8
{[%clk 01:09:50]} {[%emt 00:00:27]} 21. Re7 {[%clk 01:07:54]} {[%emt 00:01:53]}
Nf3+ {[%clk 01:10:02]} {[%emt 00:00:17]} 22. Kh1 {[%clk 01:07:36]} {[%emt
00:00:49]} Nd2 {[%clk 01:08:58]} {[%emt 00:00:29]} 23. Rfe1 {[%clk 01:07:07]}
{[%emt 00:01:57]} Nf3 {[%clk 01:09:14]} {[%emt 00:00:18]} 24. R1e3 {[%clk
01:06:51]} {[%emt 00:00:43]} Nh4 {[%clk 01:09:05]} {[%emt 00:00:42]} 25. Rxf7
{[%clk 01:06:15]} {[%emt 00:01:05]} Bh5 {[%emt 00:00:29]} 26. Rxh7 {[%emt
00:01:04]} Nxg2 {[%emt 00:00:15]} 27. Rxh5 {[%emt 00:00:29]} Nxe3 {[%clk
01:07:07]} {[%emt 00:00:15]} 28. fxe3 {[%clk 01:06:39]} {[%emt 00:00:06]} Rf8
{[%clk 01:05:19]} {[%emt 00:01:26]} 29. Rg5 {[%clk 01:06:45]} {[%emt 00:01:15]}
Kb6 {[%emt 00:00:16]} 30. Rxd5 {[%emt 00:00:23]} Rf1+ {[%emt 00:00:15]} 31. Kg2
{[%emt 00:00:12]} Ra1 {[%emt 00:00:17]} 32. h4 {[%emt 00:00:13]} Kc6 {[%emt
00:00:21]} 33. Rd8 {[%emt 00:00:19]} Rxa2 {[%clk 01:03:16]} {[%emt 00:00:19]}
34. h5 {[%emt 00:00:07]} Rxb2 {[%emt 00:00:07]} 35. h6 {[%emt 00:00:11]} Rb4
{[%emt 00:00:23]} 36. h7 {[%clk 01:05:58]} {[%emt 00:00:27]} Rg4+ {[%clk
01:03:34]} {[%emt 00:00:11]} 37. Kh3 {[%clk 01:06:10]} {[%emt 00:00:19]} Rg7
{[%emt 00:00:14]} 38. h8=Q {[%emt 00:00:15]} Rf7 {[%emt 00:00:19]} 39. Qe8+
{[%emt 00:00:15]} Kb6 {[%emt 00:00:22]} 40. Qxf7 {[%emt 00:00:28]} a6 {[%emt
00:00:14]} 41. Qe6+ {[%emt 00:00:32]} Ka7 {[%emt 00:00:17]} 42. Nc4 {[%emt
00:00:26]} b6 {[%emt 00:00:14]} 43. Qc8 {[%emt 00:00:14]} a5 {[%emt 00:00:14]}
44. Qa8# {[%clk 01:06:10]} {[%emt 00:00:25]} 1-0

[Event "DEM U10w 2024"]
[Site "Willingen GER"]
[Date "2024.05.19"]
[Round "2"]
[White "Shynkar, Daria"]
[Black "Naz Öksüz, Meryem"]
[Result "1-0"]
[Termination "normal"]
[Board "1"]
[WhiteElo "1661"]
[BlackElo "1154"]
[WhiteClock "01:17:41"]
[BlackClock "01:13:08"]
[PlyCount "55"]
[WhiteFideId "34163212"]
[BlackFideId "533025860"]
[EventCountry "GER"]
[EventRounds "11"]
[EventType "swiss"]
[EventDate "2024.05.18"]

1. d4 {[%clk 01:15:59]} d5 {[%clk 01:15:56]} {[%emt 00:00:04]} 2. c4 {[%clk
01:16:24]} {[%emt 00:00:04]} c6 {[%clk 01:16:19]} {[%emt 00:00:08]} 3. e3
{[%clk 01:16:49]} {[%emt 00:00:05]} Nf6 {[%clk 01:16:40]} {[%emt 00:00:09]} 4.
Nc3 {[%clk 01:17:13]} {[%emt 00:00:06]} e6 {[%clk 01:16:43]} {[%emt 00:00:28]}
5. b3 {[%clk 01:17:35]} {[%emt 00:00:07]} Bb4 {[%clk 01:16:57]} {[%emt
00:00:16]} 6. Bb2 {[%clk 01:17:59]} {[%emt 00:00:06]} O-O {[%clk 01:16:48]}
{[%emt 00:00:40]} 7. Bd3 {[%clk 01:17:44]} {[%emt 00:00:44]} Qa5 {[%clk
01:16:55]} {[%emt 00:00:27]} 8. Nge2 {[%clk 01:17:30]} {[%emt 00:00:47]} Ne4
{[%clk 01:17:04]} {[%emt 00:00:22]} 9. Qc2 {[%clk 01:17:25]} {[%emt 00:00:32]}
Nd7 {[%clk 01:16:42]} {[%emt 00:00:55]} 10. Bxe4 {[%clk 01:17:09]} {[%emt
00:00:46]} dxe4 {[%clk 01:16:57]} {[%emt 00:00:13]} 11. Qxe4 {[%clk 01:17:25]}
{[%emt 00:00:16]} e5 {[%clk 01:16:12]} {[%emt 00:01:15]} 12. O-O {[%clk
01:16:40]} {[%emt 00:01:15]} exd4 {[%clk 01:16:28]} {[%emt 00:00:13]} 13. exd4
{[%clk 01:16:43]} {[%emt 00:00:28]} Nf6 {[%clk 01:16:06]} {[%emt 00:00:53]} 14.
Qe5 {[%clk 01:15:37]} {[%emt 00:01:33]} c5 {[%clk 01:16:06]} {[%emt 00:00:32]}
15. dxc5 {[%clk 01:15:41]} {[%emt 00:00:27]} Bxc5 {[%clk 01:16:20]} {[%emt
00:00:14]} 16. Nd5 {[%clk 01:15:17]} {[%emt 00:00:53]} Re8 {[%clk 01:16:09]}
{[%emt 00:00:43]} 17. Nxf6+ {[%clk 01:15:36]} {[%emt 00:00:12]} gxf6 {[%clk
01:16:20]} {[%emt 00:00:19]} 18. Qxe8+ {[%emt 00:00:37]} Bf8 {[%clk 01:16:22]}
{[%emt 00:00:25]} 19. Bxf6 {[%clk 01:15:42]} {[%emt 00:00:19]} Qf5 {[%clk
01:14:56]} {[%emt 00:01:54]} 20. Be7 {[%clk 01:15:56]} {[%emt 00:00:16]} Kg7
{[%clk 01:13:06]} {[%emt 00:02:20]} 21. Qxf8+ {[%clk 01:16:13]} {[%emt
00:00:15]} Kg6 {[%clk 01:13:23]} {[%emt 00:00:14]} 22. Qg8+ {[%clk 01:16:22]}
{[%emt 00:00:19]} Kh6 {[%clk 01:13:27]} {[%emt 00:00:26]} 23. Bf8+ {[%clk
01:16:35]} {[%emt 00:00:18]} Kh5 {[%clk 01:12:34]} {[%emt 00:01:23]} 24. Ng3+
{[%clk 01:16:21]} {[%emt 00:00:44]} Kh4 {[%clk 01:12:59]} {[%emt 00:00:06]} 25.
Be7+ {[%clk 01:16:34]} {[%emt 00:00:16]} f6 {[%clk 01:12:56]} {[%emt 00:00:34]}
26. Nxf5+ {[%clk 01:16:55]} {[%emt 00:00:08]} Bxf5 {[%clk 01:13:17]} {[%emt
00:00:09]} 27. Bxf6+ {[%clk 01:17:19]} {[%emt 00:00:06]} Kh5 {[%clk 01:13:08]}
{[%emt 00:00:40]} 28. Qg5# {[%clk 01:17:41]} {[%emt 00:00:07]} 1-0